Mecánica vectorial para ingenieros : Estática

Bibliographic Details
Main Author: Beer, Ferdinand
Format: Section = Libro
Language:Undetermined
Spanish
Published: México McGraw-Hill 1984
Subjects:
LEADER 00546nam a2200193Ia 4500
008 240829s9999 xx 000 0 und d
020 |a 968-451-712-2 
040 |a BIBLIOTECA-RUPAP 620.103 B415 
041 |a spa 
082 |a 620.103 B415 
100 1 |a Beer, Ferdinand  
245 1 0 |a Mecánica vectorial para ingenieros : Estática 
260 |a México  |b McGraw-Hill  |c 1984 
300 |a 428 p. :il. 
650 7 |a MECANICA APLICADA 
650 7 |b  ESTATICA. I. Johnston, E. Russell, coaut. II. Tít. 
942 |c BK  |2 ddc 
991 |a TEXTO 
999 |c 7888